Personnalités en Gros Plan - Statistiques

Statistiques générales
  • Ce quiz a été pris 162 fois
  • Le résultat moyen est 9 sur 16
Statistiques - réponses
Par images Réponse % Correct
Donald Trump
98%
François Hollande
98%
Stromae
92%
Cyprien
85%
Jean Dujardin
82%
Olivier Giroud
80%
Éric Judor
73%
Brad Pitt
60%
Kim Jong-Un
57%
Jul
52%
Mao Zedong
31%
Jean-Paul Sartre
29%
Marie Curie
29%
Paul McCartney
20%
Margaret Thatcher
18%
Ayatollah Khomeini
7%
Aucun quiz correspondant
Distribution des résultats
% des personnes avec chaque résultat
Percentile par nombre de réponses
Votre historique - résultats
Vous n’avez pas pris ce quiz